Современные информационные технологии и процессы. Вып. 5 (Запись № 13433439)

Подробности
000 -МАРКЕР
контрольное поле 01771nam2a2200289 4500
001 - ИДЕНТИФИКАТОР ЗАПИСИ
контрольное поле RU\NLR\BIBL_A\022556158
005 - ИДЕНТИФИКАТОР ВЕРСИИ
контрольное поле 20250619112739.0
010 ## - МЕЖДУНАРОДНЫЙ СТАНДАРТНЫЙ НОМЕР КНИГИ (ISBN)
Номер (ISBN) 978-5-907681-81-1
Тираж 90
021 ## - НОМЕР ГОСУДАРСТВЕННОЙ РЕГИСТРАЦИИ
Код страны Российская Федерация
Номер КН-П-25-021408
Номер Листа государственной регистраци КН-П-25-2164
035 ## - ДРУГИЕ СИСТЕМНЫЕ НОМЕРА
Идентификатор записи (NLR Aleph) 022556158
100 ## - ДАННЫЕ ОБЩЕЙ ОБРАБОТКИ
Данные общей обработки 20250602d2024 k y0rusy50 ca
101 0# - ЯЗЫК РЕСУРСА
Язык текста, звукозаписи и т.д. русский
102 ## - СТРАНА ПУБЛИКАЦИИ ИЛИ ПРОИЗВОДСТВА
Страна публикации Российская Федерация
105 ## - ПОЛЕ КОДИРОВАННЫХ ДАННЫХ: ТЕКСТОВЫЕ МАТЕРИАЛЫ, МОНОГРАФИЧЕСКИЕ
Кодированные данные о монографическом текстовом документе a z 010yy
200 0# - ЗАГЛАВИЕ И СВЕДЕНИЯ ОБ ОТВЕТСТВЕННОСТИ
Основное заглавие Вып. 5
Первые сведения об ответственности [Козунова О. М., Кузнецов А. С., Пирязева и др.]
210 ## - ПУБЛИКАЦИЯ, РАСПРОСТРАНЕНИЕ И ДР.
Дата издания, распространения и т.д. 2024
215 ## - ФИЗИЧЕСКАЯ ХАРАКТЕРИСТИКА
Специфическое обозначение материала и объем 115 с.
Другие сведения о физической характеристике ил., табл.
300 ## - ОБЩИЕ ПРИМЕЧАНИЯ
Текст примечания Авт. указ. в тексте огл.
300 ## - ОБЩИЕ ПРИМЕЧАНИЯ
Текст примечания Посвящ.: 300-летию Рос. акад. наук
320 ## - ПРИМЕЧАНИЯ О НАЛИЧИИ В ДОКУМЕНТЕ БИБЛИОГРАФИИ / УКАЗАТЕЛЯ
Текст примечания Библиогр. в конце гл.
461 #0 - УРОВЕНЬ НАБОРА
Встроенное поле 001RU\NLR\BIBL_A\012470936
-- 2001#$aСовременные информационные технологии и процессы$eколлективная монография$fответственный редактор и составитель Т. В. Пирязева$gРегиональное отделение "Информационные технологии и процессы" общественной организации "Международная академия информатизации"$vВып. 5
Системный номер (АБИС) связанной записи 12079139
Место публикации Москва
Дата публикации 2020
Первые сведения об ответственности ответственный редактор и составитель Т. В. Пирязева
Имя издателя, распространителя и т.д. Экон-Информ
Сведения, относящиеся к заглавию коллективная монография
Заглавие Современные информационные технологии и процессы
Номер тома Вып. 5
701 #1 - ИМЯ ЛИЦА - АЛЬТЕРНАТИВНАЯ ОТВЕТСТВЕННОСТЬ
Начальный элемент ввода Козунова
Часть имени, кроме начального элемента ввода О. М.
Расширение инициалов личного имени Оксана Михайловна
942 ## - ДОПОЛНИТЕЛЬНЫЕ ЭЛЕМЕНТЫ ЗАПИСИ (АБИС)
Тип экземпляра АБИС Книга
980 ## - КОЛЛЕКЦИЯ
Название коллекции Национальная библиография

Нет доступных экземпляров.